000 01843cam a22004694i 4500
003 PE-LiUPU
005 20250731180115.0
008 150623s1983 gw a r 000 0 spa d
035 _a(Sirsi) a24247
040 _aPE-LiUPU
_bspa
_cPE-LiUPU
_erda
082 0 4 _a519.5
_bS21
_221
100 1 _aSandblom, Carl-Louis,
_eautor.
245 1 0 _aElementary statics for business and economics /
_cCarl-Louis Sandblom.
264 1 _aBerlín :
_bWalter de Gruyter,
_c1983.
300 _a352 páginas :
_bilustraciones gráfs ;
_c21 centímetros
336 _atext
_2rdacontent
337 _aunmediated
_2rdamedia
338 _avolume
_2rdacarrier
505 0 _aGraphical display methods. -Measures of central location and dispersion. -Probability. -Discrete random variables. -Continuos random variables. -Sampling and sampling distributions. -Statistical estimation. -Hypothesis testing. -Chi-square and nonparametric techniques. -Analysys of variance and experimental design. -Simple linear regresion. -Multiple linear regresion. -Time series forecasting. -Index numbers.
526 _aSEG44
526 _aSEG26
526 _aP159
526 _aP155
526 _aP154
526 _aP153
526 _aP150
526 _aP100
526 _aP31
526 _aP30
526 _aP26
526 _aP25
526 _aP24
526 _aP22
526 _aP15
526 _aP10
650 0 4 _aEconomía
_xEstadística.
942 _2ddc
_cBOOK
949 _a519.5 S21
_wDEWEY
_c1
_i48533
_lCCODEBUL1
_mBUL
_p00.00
_r0
_sY
_tBOOK
_u2015-06-24
_xFCE
_zUNKNOWN
_0COMPRA
_o.STAFF. Colección General
596 _a1
999 _a519.5 S21
_wDEWEY
_c27703
_i48533
_f2021-11-5
_g6
_lCCODEBUL1
_mBUL
_p12.00
_r0
_sN
_tBOOK
_u2015-6-24
_xBIBLIOTECA
_zUNKNOWN
_0COMPRA
_o.STAFF. Colección General
_d27703
980 _81
_gALBERTO SANCHEZ Responsable de Automatización